Local administration and politics in modernising societies: Bangladesh and Pakistan. (Record no. 9454)
[ view plain ]
| 000 -LEADER | |
|---|---|
| fixed length control field | 01026nam a2200289 4500 |
| 001 - CONTROL NUMBER | |
| JCCL Control Number | 9454 |
| 003 - CONTROL NUMBER IDENTIFIER | |
| JCCL marc code | BD-JhCC |
| 005 - DATE AND TIME OF LATEST TRANSACTION | |
| control field | 20180314164132.0 |
| 008 - FIXED-LENGTH DATA ELEMENTS--GENERAL INFORMATION | |
| fixed length control field | 741003s1973 bg b 001 0 eng |
| 035 ## - SYSTEM CONTROL NUMBER | |
| system control number | (BD-JhCC)9454 |
| 040 ## - CATALOGING SOURCE | |
| Original cataloging agency | DLC |
| Transcribing agency | DLC |
| Modifying agency | DLC |
| -- | BD-JhCC |
| 041 ## - LANGUAGE CODE | |
| Language code of Book | eng |
| 050 00 - LIBRARY OF CONGRESS CALL NUMBER | |
| Classification number | JS7100.2 |
| Item number | .A83 |
| 082 00 - DEWEY DECIMAL CLASSIFICATION NUMBER | |
| Classification number | 352.0549 |
| Author mark and Year | ABE 1973 |
| 100 1# - MAIN ENTRY--PERSONAL NAME | |
| Personal name | Abedin, Najmul. |
| 245 10 - TITLE STATEMENT | |
| Title | Local administration and politics in modernising societies: Bangladesh and Pakistan. |
| 260 ## - PUBLICATION, DISTRIBUTION, ETC. (IMPRINT) | |
| Place of publication, distribution, etc | Dacca, |
| Name of publisher, distributor, etc | National Institute of Public Administration; distributor: Oxford University Press |
| Date of publication, distribution, etc | [1973] |
| 300 ## - PHYSICAL DESCRIPTION | |
| Pagination | xxvi, 458 p. |
| Dimensions | 22 cm. |
| 350 ## - PRICE (NR) (BK AM CF MU VM SE) [OBSOLETE] | |
| Price | $4.00 (U.S.) |
| 500 ## - GENERAL NOTE | |
| General note | A revised and updated ed. of the author's thesis entitled The working of district administration in Pakistan: 1947-1964, submitted to the University of Durham in 1969. |
| 500 ## - GENERAL NOTE | |
| General note | Vita. |
| 504 ## - BIBLIOGRAPHY, ETC. NOTE | |
| Bibliography, etc | Bibliography: p. [426]-453. |
| 650 #0 - SUBJECT ADDED ENTRY--TOPICAL TERM | |
| Topical term or geographic name as entry element | Local government |
| Geographic subdivision | Bangladesh. |
| 650 #0 - SUBJECT ADDED ENTRY--TOPICAL TERM | |
| Topical term or geographic name as entry element | Local government |
| Geographic subdivision | Pakistan. |
| 942 ## - ADDED ENTRY ELEMENTS (KOHA) | |
| Source of classification or shelving scheme | Dewey Decimal Classification |
| Koha item type | Books |
| Source of classification or shelving scheme | Damaged status | Not for loan | Home library | Current library | Shelving location | Total Checkouts | Full call number | Barcode | Date last seen | Copy number | Koha item type |
|---|---|---|---|---|---|---|---|---|---|---|---|
| Dewey Decimal Classification | JCC Rouf Library | JCC Rouf Library | General Stacks | 352.0549 ABE 1973 | 12155 | 03/14/2018 | C - 1 | Books |